Normal view
MARC view
- Naidu N.C
Entry Personal Name
001 - CONTROL NUMBER
- control field: 187032
003 - CONTROL NUMBER IDENTIFIER
- control field: OSt
005 - DATE AND TIME OF LATEST TRANSACTION
- control field: 20230714210305.0
008 - FIXED-LENGTH DATA ELEMENTS
- fixed length control field: 230714|| aca||aabn | a|a d
040 ## - CATALOGING SOURCE
- Original cataloging agency: OSt
- Transcribing agency: OSt
100 ## - HEADING--PERSONAL NAME
- Personal name: Naidu N.C
670 ## - SOURCE DATA FOUND
- Source citation: Work cat.: (OSt)176968: Naidu N.C., Plain SPearsonking, 2000